Marvel and DC Famous Characters - Statistics

General Stats
  • This quiz has been taken 1,550 times
  • The average score is 18 of 36
Answer Stats
Hint Answer % Correct
DC Hero Batman
98%
DC Hero Superman
97%
Marvel Hero Iron Man
87%
DC Hero Wonder Woman
87%
DC Villain Joker
86%
Marvel Hero Captain America
83%
Marvel Hero Spider Man
83%
DC Hero Flash
80%
Marvel Hero Hulk
80%
Marvel Hero Thor
79%
DC Hero Green Lantern
74%
Marvel Hero Black Widow
69%
Marvel Hero Hawkeye
68%
DC Hero Aquaman
64%
Marvel Hero Wolverine
61%
Marvel Hero (F4) Human Torch
55%
Marvel Hero (F4) Mr. Fantastic
55%
DC Villain Lex Luthor
51%
DC Hero Robin
50%
Marvel Hero (F4) The Thing
50%
Marvel Hero (F4) Invisible Woman
49%
Marvel Villain Green Goblin
46%
Marvel Villain Magneto
41%
Marvel Hero Cyclops
40%
Marvel Hero Black Panther
30%
DC Villain Bane
26%
Marvel Hero Jean Grey
26%
Marvel Hero Beast
22%
Marvel Hero Silver Surfer
20%
Marvel Villain Doctor Doom
19%
Marvel Villain Doctor Octopus
17%
Marvel Hero Ice Man
15%
Spider Man (Not a superhero) Mary Jane Watson
14%
Marvel Villain Winter Soldier
9%
Spider Man (Not a superhero) J. Jonah Jameson
6%
Marvel Hero Professor Xavier
5%
No matching quizzes found
Score Distribution
Percent of People with Each Score
Percentile by Number Answered
Your Score History
You have not taken this quiz